000 00726nam a2200181 i 4500
001 34649
003 ES-MaACL
005 20230906154954.0
007 t|
008 030207s1969 sp ||||1| spa d
100 0 _aBlecua, José Manuel.
_929459
245 1 0 _aSobre el rigor poético en España /
_cdiscurso 14 de diciembre de 1969 en la recepción pública de José Manuel Blecua, Real Academia de Buenas Letras de Barcelona ; contestación de José María Castro y Calvo.
260 _aBarcelona :
_b[Librería General],
_c1969.
300 _a54 p. ;
_c24 cm.
700 1 _aCastro y Calvo, José María.
_936967
710 2 _aReial Acadèmia de Bones Lletres de Barcelona.
_9176228
852 _aES-MaACL
_jC-41755
_bR.72527
999 _c34649
_d34649